[Event "World Blitz 2023"]
[Site "Samarkand UZB"]
[Date "2023.12.30"]
[Round "12.76"]
[White "Sklokin, Sergey"]
[Black "Harutyunyan, Tigran K."]
[Result "1/2-1/2"]
[WhiteElo "1995"]
[BlackElo "2407"]
[EventDate "2023.12.29"]

1. e4 c5 2. Nf3 e6 3. c3 Nf6 4. e5 Nd5 5. d4 cxd4 6. cxd4 b6 7. Nc3 Bb7 8.
Bd3 Be7 9. O-O O-O 10. Re1 Nxc3 11. bxc3 d6 12. Bd2 Nd7 13. exd6 Bxd6 14.
h3 Nf6 15. Ne5 Rc8 16. Qe2 Qc7 17. Ng4 Be7 18. Nxf6+ Bxf6 19. Rac1 Rfd8 20.
Qg4 g6 21. Bg5 Bxg5 22. Qxg5 Qd6 23. h4 Qd5 24. Qg3 Kg7 25. a4 Qd6 26. Qg5
h6 27. Qg4 f5 28. Qe2 Re8 29. h5 g5 30. f3 Re7 31. Qe3 Ree8 32. Bb1 Qf4 33.
Qxf4 gxf4 34. Ba2 Kf6 35. Re5 Rc7 36. Rce1 Rce7 37. Kf2 Bc8 38. R1e2 Bd7
39. a5 bxa5 40. Rxa5 Rc8 41. Rae5 Rxc3 42. d5 Re3 43. R5xe3 fxe3+ 44. Rxe3
e5 45. Ra3 Bb5 46. g3 a6 47. f4 exf4 48. gxf4 Re4 49. Kg3 Ke7 50. Rc3 Kd6
51. Bb1 Re1 52. Bxf5 Kxd5 53. Bg6 a5 54. Bf7+ Kd4 55. Rc7 a4 56. Ra7 Ra1
57. f5 a3 58. f6 Ke5 59. Ra5 Rb1 60. Bc4 Kxf6 61. Bxb5 a2 62. Rxa2 Rxb5 63.
Kg4 Rb4+ 64. Kg3 Kg5 65. Ra5+ Kf6 66. Kf3 Rc4 1/2-1/2

[Event "World Blitz 2023"]
[Site "Samarkand UZB"]
[Date "2023.12.30"]
[Round "12.77"]
[White "Vakhidov, Daler"]
[Black "Kuandykuly, Danis"]
[Result "0-1"]
[WhiteElo "2110"]
[BlackElo "1718"]
[EventDate "2023.12.29"]

1. d4 Nf6 2. Nf3 e6 3. e3 c5 4. Bd3 b6 5. b3 Bb7 6. Nbd2 Be7 7. Bb2 O-O 8.
O-O cxd4 9. exd4 d6 10. a3 Nbd7 11. Re1 Re8 12. c4 Bf8 13. Qc2 Qc7 14. Rad1
Rad8 15. Ne4 Nxe4 16. Bxe4 Bxe4 17. Qxe4 Nf6 18. Qh4 d5 19. Ne5 Ne4 20. Rd3
g6 21. Rh3 h5 22. f3 Nd2 23. g4 Qe7 24. Qf2 Nxb3 25. gxh5 g5 26. f4 dxc4
27. fxg5 Bg7 28. h6 Bxe5 29. dxe5 Nc5 30. h7+ Kh8 31. Qf6+ Qxf6 32. exf6
Nd3 33. g6 fxg6 34. f7+ Nxb2 35. fxe8=Q+ 0-1

[Event "World Blitz 2023"]
[Site "Samarkand UZB"]
[Date "2023.12.30"]
[Round "12.78"]
[White "Bogdan, David"]
[Black "Yonal, Timur"]
[Result "0-1"]
[WhiteElo "1880"]
[BlackElo "1862"]
[EventDate "2023.12.29"]

1. e4 c5 2. Nf3 d6 3. d4 cxd4 4. Qxd4 Nc6 5. Bb5 Bd7 6. Bxc6 Bxc6 7. Nc3
Nf6 8. Qd3 e6 9. Bg5 Be7 10. Nd4 Rc8 11. O-O-O O-O 12. Kb1 h6 13. Bc1 a6
14. f4 b5 15. Nxc6 Rxc6 16. h3 b4 17. Ne2 Qb6 18. g4 Nd7 19. Nd4 Rc7 20. h4
Qb7 21. Rde1 a5 22. h5 a4 23. Qb5 Qxb5 24. Nxb5 Rc5 25. Nd4 Rfc8 26. Be3
Ra5 27. Bf2 Kf8 28. Rh3 Ke8 29. Rhh1 Nc5 30. Rhg1 Na6 31. Re2 Kd7 32. Ree1
Ra8 33. Be3 Nc5 34. Bd2 Rb8 35. g5 hxg5 36. fxg5 Ra7 37. h6 gxh6 38. gxh6
Bf6 39. Ref1 Nxe4 40. Be3 Rab7 41. h7 Rh8 42. Rg4 d5 43. Rh1 Rbb8 44. Rg2
Be5 45. Nf3 Bf6 46. Rh6 b3 47. cxb3 axb3 48. a3 Rbc8 49. Nd2 Nxd2+ 50. Bxd2
Rc2 51. Rxf6 Rxh7 52. Rgf2 Rh1+ 53. Rf1 Rxf1+ 54. Rxf1 Rxd2 55. Rxf7+ Kd6
56. Rb7 Rd3 57. Kc1 e5 58. Rb6+ Kc5 59. Rb8 e4 60. a4 e3 61. Re8 d4 62. a5
Kb5 63. Re5+ Ka6 64. Re4 Kxa5 65. Re5+ Kb4 66. Re4 Kc5 67. Re8 Rd2 68. Rc8+
Kd5 69. Rd8+ Ke4 70. Rb8 Rc2+ 71. Kd1 e2+ 72. Ke1 d3 73. Kf2 Rxb2 74. Re8+
Kd4 75. Rd8+ Kc3 76. Rc8+ Kd2 77. Re8 Rb1 0-1

[Event "World Blitz 2023"]
[Site "Samarkand UZB"]
[Date "2023.12.30"]
[Round "13.1"]
[White "Vachier-Lagrave, Maxime"]
[Black "Carlsen, Magnus"]
[Result "1-0"]
[WhiteElo "2748"]
[BlackElo "2887"]
[EventDate "2023.12.29"]

1. e4 c5 2. Nf3 Nc6 3. d4 cxd4 4. Nxd4 Nf6 5. Nc3 e5 6. Ndb5 d6 7. Nd5 Nxd5
8. exd5 Ne7 9. a4 Ng6 10. a5 Be7 11. Be3 O-O 12. Bxa7 Bd7 13. Bb6 Qc8 14.
Ra3 Bxb5 15. Bxb5 Bd8 16. Bxd8 Rxd8 17. O-O Qc5 18. c4 Qb4 19. Qa1 Nf4 20.
Re1 Qd2 21. Kf1 e4 22. Qc1 Qxc1 23. Rxc1 Nd3 24. Rxd3 exd3 25. b4 Rac8 26.
Rd1 Rc7 27. Rxd3 Re7 28. Re3 Kf8 29. Ke2 f5 30. Kd3 Rxe3+ 31. fxe3 Ke7 32.
Kd4 Rf8 33. c5 f4 34. e4 f3 35. gxf3 Rf4 36. a6 bxa6 37. Bxa6 g5 38. b5 g4
39. b6 dxc5+ 40. Kxc5 gxf3 41. d6+ Kd7 42. Bb5+ Ke6 43. Bc4+ Ke5 44. b7 Rf8
45. d7 f2 46. Kc6 Kd4 47. Bf1 1-0

[Event "World Blitz 2023"]
[Site "Samarkand UZB"]
[Date "2023.12.30"]
[Round "13.2"]
[White "Artemiev, Vladislav"]
[Black "Riazantsev, Alexander"]
[Result "1-0"]
[WhiteElo "2799"]
[BlackElo "2621"]
[EventDate "2023.12.29"]

1. c4 e6 2. Nc3 d5 3. d4 Be7 4. Nf3 Nf6 5. Bg5 h6 6. Bh4 O-O 7. Qc2 Nbd7 8.
cxd5 exd5 9. e3 Re8 10. h3 c6 11. Bg3 Nb6 12. Bd3 Bd6 13. Bxd6 Qxd6 14. Ne5
Nfd7 15. f4 Nf8 16. Kf2 f6 17. Nf3 Bd7 18. Rae1 Rac8 19. Re2 c5 20. dxc5
Qxc5 21. Rd1 a6 22. Nd4 Ne6 23. Nb3 Qb4 24. Bf5 Nf8 25. Bxd7 Nfxd7 26. Qf5
Nc5 27. Nxc5 Rxc5 28. Nxd5 Nxd5 29. Rxd5 Rxd5 30. Qxd5+ Kh8 31. Qd7 Re7 32.
Qd8+ Kh7 33. Qd3+ Kh8 34. Rc2 Re8 35. a3 Qb6 36. Qd4 Qe6 37. Rc7 b5 38. Rd7
Qf5 39. Qd3 Qc5 40. Rd5 Qc7 41. Rd7 Qc5 42. Rd8 Rxd8 43. Qxd8+ Kh7 44. Qd3+
Kh8 45. Qd4 Qc2+ 46. Kf3 Qb1 47. Kg3 Qe1+ 48. Kh2 Qf2 49. b4 h5 50. Qe4 h4
51. Qe8+ Kh7 52. Qh5+ Kg8 53. Qf3 Qe1 54. e4 Kf8 55. e5 fxe5 56. fxe5+ Ke7
57. Qf4 Ke6 58. Qg4+ Kf7 59. Qg5 g6 60. Qf6+ Ke8 61. Qxg6+ Ke7 62. Qf6+ Ke8
63. Qg6+ Ke7 64. Qg5+ Ke6 65. Qf6+ Kd5 66. Qf4 Ke6 67. Qg5 Kf7 68. Qh5+ Ke6
69. Qg6+ Kd5 70. Qg8+ Kd4 71. Qg7 Kd5 72. Qg8+ Kd4 73. Qg5 Kd5 74. Qf4 Ke6
75. Qf3 Qxe5+ 76. g3 Qb2+ 77. Kg1 Qa1+ 78. Kg2 Qb2+ 79. Kf1 Qc1+ 80. Kf2
hxg3+ 81. Kxg3 Qg1+ 82. Kh4 Qc1 83. Kh5 Ke7 84. h4 Qd2 85. Qb7+ Kf8 86.
Qa8+ Kg7 87. Qb7+ Kg8 88. Qf3 Qc1 89. Kg4 Qc8+ 90. Qf5 Qc3 91. Qe6+ Kh8 92.
Qh6+ Kg8 93. Qg6+ Kh8 94. Qxa6 Qd4+ 95. Kf5 Qxh4 96. Qf6+ 1-0

[Event "World Blitz 2023"]
[Site "Samarkand UZB"]
[Date "2023.12.30"]
[Round "13.4"]
[White "Murzin, Volodar"]
[Black "Nepomniachtchi, Ian"]
[Result "1/2-1/2"]
[WhiteElo "2591"]
[BlackElo "2795"]
[EventDate "2023.12.29"]

1. d4 Nf6 2. Nc3 d5 3. Bf4 c5 4. e3 cxd4 5. exd4 a6 6. Nf3 Nc6 7. Ne5 e6 8.
Nxc6 bxc6 9. Na4 Bd6 10. Bxd6 Qxd6 11. Bd3 O-O 12. O-O a5 13. Re1 Ba6 14.
c3 Bxd3 15. Qxd3 Ne4 16. Qe3 Rab8 17. Rac1 Rfc8 18. c4 Qb4 19. b3 Nd6 20.
Nc5 Ra8 21. Qe5 Rd8 22. cxd5 cxd5 23. h4 h6 24. h5 Qd2 25. Red1 Qxa2 26.
Rd3 Qb2 27. Re1 Qc2 28. Re2 Qc1+ 29. Re1 Qg5 30. Qxg5 hxg5 31. Re5 Nf5 32.
g4 Ne7 33. Kg2 Rab8 34. Kg3 Rb4 35. Rxg5 Nc6 36. h6 g6 37. Nxe6 fxe6 38.
Rxg6+ Kh7 39. Rxe6 Nxd4 40. Ra6 Ne2+ 41. Kf3 Nf4 42. Re3 Rd7 43. Kg3 Rf7
44. f3 Ng6 45. Ree6 Nf8 1/2-1/2

[Event "World Blitz 2023"]
[Site "Samarkand UZB"]
[Date "2023.12.30"]
[Round "13.6"]
[White "Shimanov, Aleksandr"]
[Black "Mamedyarov, Shakhriyar"]
[Result "1/2-1/2"]
[WhiteElo "2611"]
[BlackElo "2716"]
[EventDate "2023.12.29"]

1. Nf3 d5 2. c4 dxc4 3. e3 Nf6 4. Bxc4 e6 5. O-O a6 6. b3 c5 7. Bb2 Be7 8.
d4 cxd4 9. Nxd4 O-O 10. Nd2 b5 11. Be2 Bb7 12. Rc1 Qd7 13. Bf3 Ra7 14. Bxb7
Rxb7 15. N2f3 Bd6 16. Qc2 Rc7 17. Qb1 Rxc1 18. Rxc1 Rc8 19. h3 1/2-1/2

[Event "World Blitz 2023"]
[Site "Samarkand UZB"]
[Date "2023.12.30"]
[Round "13.7"]
[White "Sarana, Alexey"]
[Black "Sjugirov, Sanan"]
[Result "1-0"]
[WhiteElo "2707"]
[BlackElo "2569"]
[EventDate "2023.12.29"]

1. d4 Nf6 2. c4 c6 3. Nc3 d5 4. Nf3 e6 5. Bg5 h6 6. Bh4 Nbd7 7. e3 Be7 8.
Qc2 O-O 9. a3 a6 10. Rd1 b5 11. c5 Re8 12. Bd3 e5 13. dxe5 Ng4 14. Bg3 Bxc5
15. Ne2 Qb6 16. b4 Bf8 17. e6 fxe6 18. Bh7+ Kh8 19. Bg6 Rd8 20. h3 Ngf6 21.
Bf7 Ne4 22. Nh4 g5 23. Ng6+ Kg7 24. Nxf8 Nxf8 25. Bh5 Nxg3 26. Nxg3 Qc7 27.
h4 Qe5 28. hxg5 hxg5 29. Bg4 Ra7 30. Rh5 Qf6 31. Rh7+ Nxh7 32. Nh5+ Kh6 33.
Nxf6 Nxf6 34. Be2 Rc7 35. Qc3 Kg7 36. Qe5 Rf7 37. Qxg5+ Kf8 38. Rd4 Ke7 39.
Qe5 Rh8 40. Bf3 Bd7 41. Rf4 Rh1+ 42. Ke2 Rh6 43. Qd4 Rhh7 44. g4 Rhg7 45.
Qe5 Nh7 46. Rxf7+ Kxf7 47. Qd6 Be8 48. Qc7+ Kf8 49. Qc8 Ke7 50. Qxa6 Nf6
51. Qa7+ Bd7 52. Qc5+ Kf7 53. Qd4 Ke7 54. Qe5 Rg6 55. Qf4 Nh7 56. Qe5 Ng5
57. Bg2 Nf7 58. Qd4 e5 59. Qc5+ Ke8 60. f3 Rh6 61. Kf2 Ng5 62. Qa7 Ke7 63.
Qb8 Nf7 64. Kg3 Rg6 65. Qc7 Rg8 66. Bh3 Rc8 67. Qa7 Kd6 68. Qc5+ Kc7 69.
Qe7 Nd6 70. Qxe5 Re8 71. Qf4 1-0

[Event "World Blitz 2023"]
[Site "Samarkand UZB"]
[Date "2023.12.30"]
[Round "13.8"]
[White "Caruana, Fabiano"]
[Black "Indjic, Aleksandar"]
[Result "1/2-1/2"]
[WhiteElo "2815"]
[BlackElo "2631"]
[EventDate "2023.12.29"]

1. d4 Nf6 2. c4 e6 3. Nf3 c5 4. d5 d6 5. Nc3 exd5 6. cxd5 g6 7. Nd2 Bg7 8.
e4 O-O 9. Be2 Re8 10. O-O Nbd7 11. a4 Ne5 12. Ndb1 Ned7 13. Qc2 Qe7 14. Nd2
h5 15. h3 g5 16. Nc4 Nxe4 17. Bxh5 Ndf6 18. Re1 Bf5 19. Bxg5 Qd7 20. Bg4
Nxg4 21. hxg4 Bxc3 22. bxc3 Bg6 23. Be3 Nf6 24. Qd2 Ne4 25. Qb2 Nf6 26. f3
Nxd5 27. Bf2 Nf4 28. Qd2 Nd3 29. Rxe8+ Rxe8 30. Bg3 d5 31. Ne3 d4 32. Nc2
dxc3 33. Qxc3 Re2 34. Rd1 Qxa4 35. Rd2 Rxd2 36. Qxd2 c4 37. Kh2 Qa2 38. Bh4
Qb2 39. Kh3 Qe5 40. Bg3 Qe7 41. Nd4 a6 42. Nf5 Bxf5 43. gxf5 Qf6 44. Qe3
Qxf5+ 45. Kh2 b5 46. Qe8+ Kh7 47. Qd8 c3 48. Qh4+ Kg6 49. Qd8 Kh7 50. Qh4+
Kg8 51. Qd8+ Kh7 52. Qh4+ 1/2-1/2

[Event "World Blitz 2023"]
[Site "Samarkand UZB"]
[Date "2023.12.30"]
[Round "13.10"]
[White "Vidit, Santosh Gujrathi"]
[Black "Yu, Yangyi"]
[Result "0-1"]
[WhiteElo "2642"]
[BlackElo "2762"]
[EventDate "2023.12.29"]

1. e4 e5 2. Nf3 Nf6 3. Nxe5 d6 4. Nf3 Nxe4 5. d4 d5 6. Bd3 Nc6 7. O-O Be7
8. Re1 Bf5 9. Nbd2 Nxd2 10. Qxd2 Bg6 11. Bxg6 hxg6 12. Qd3 O-O 13. Bf4 g5
14. Bg3 Qd7 15. Re2 g4 16. Ne5 Nxe5 17. Bxe5 Rae8 18. Rae1 Bd8 19. Bg3 c6
20. Qd1 Bg5 21. Kf1 Rxe2 22. Qxe2 Rd8 23. c3 a6 24. Qe5 Bf6 25. Qf4 Be7 26.
Qe3 Bf6 27. Qf4 Be7 28. Re2 f6 29. Re1 Kf7 30. Qe3 Re8 31. Qd3 Bf8 32. Rxe8
Qxe8 33. f3 Qe6 34. Qe2 Qf5 35. Kf2 gxf3 36. Qxf3 Qb1 37. Qh5+ g6 38. Qe2
Qxa2 39. h4 Qb1 40. Bf4 Qe4 41. Qxe4 dxe4 42. g4 f5 43. gxf5 gxf5 44. c4
Bg7 45. Ke3 c5 46. d5 Bxb2 47. Bc7 Bc1+ 48. Ke2 b5 49. cxb5 axb5 50. h5 c4
51. Ba5 Bh6 52. Bd2 f4 53. d6 Ke6 54. Bb4 Bg5 55. Kf2 f3 56. Kg3 c3 57.
Bxc3 Kxd6 58. Be1 Be3 59. Bb4+ Ke6 60. Bf8 Kf5 61. Be7 Bf4+ 62. Kf2 Bg5 63.
Bf8 Kg4 64. h6 e3+ 65. Kg1 e2 0-1

[Event "World Blitz 2023"]
[Site "Samarkand UZB"]
[Date "2023.12.30"]
[Round "13.11"]
[White "Svidler, Peter"]
[Black "Muradli, Mahammad"]
[Result "1-0"]
[WhiteElo "2689"]
[BlackElo "2551"]
[EventDate "2023.12.29"]

1. c4 e6 2. g3 d5 3. Bg2 Nf6 4. Nf3 dxc4 5. Qa4+ c6 6. Qxc4 b5 7. Qc2 Bb7
8. O-O Nbd7 9. a4 a6 10. d3 Rc8 11. Nc3 Be7 12. e4 O-O 13. h3 Qb6 14. Be3
c5 15. Rfc1 Rfd8 16. axb5 axb5 17. b4 Qc6 18. Qb2 h6 19. bxc5 Nxc5 20. Ne5
Qe8 21. Nxb5 Nxd3 22. Nxd3 Rxd3 23. Nc7 Rxc7 24. Rxc7 Bxe4 25. Bxe4 Nxe4
26. Qb7 Bf6 27. Qxe4 Rxe3 28. Ra8 Rxe4 29. Rxe8+ Kh7 30. Rxf7 Kg6 31. Rb7
Re2 32. Kf1 Re4 33. Kg2 Re1 34. Kf3 Kf5 35. h4 e5 36. Rb5 Kg6 37. Kg4 Re4+
38. Kf3 Re1 39. Rb4 Rc1 40. Rg4+ Kf5 41. Ra4 Rc3+ 42. Kg2 Kg6 43. Rea8 Rc2
44. Ra2 Rc4 45. R8a4 Rc3 46. Re2 Kf5 47. Kh3 Rc1 48. Re3 Rc2 49. Rf3+ Kg6
50. Rg4+ Kf7 51. h5 Rc1 52. Ra4 Ke6 53. Kg4 Rc6 54. Rfa3 Rc2 55. Ra6+ Kf7
56. f3 Rc4+ 57. Kf5 Rc1 58. Ra7+ Ke8 59. Rb7 Rc8 60. Raa7 Kf8 61. Kg6 1-0

[Event "World Blitz 2023"]
[Site "Samarkand UZB"]
[Date "2023.12.30"]
[Round "13.12"]
[White "Radjabov, Teimour"]
[Black "Narayanan, S L"]
[Result "1/2-1/2"]
[WhiteElo "2664"]
[BlackElo "2564"]
[EventDate "2023.12.29"]

1. d4 Nf6 2. c4 e6 3. Nc3 Bb4 4. Bd2 O-O 5. Rc1 d5 6. e3 Nbd7 7. Nf3 c6 8.
Qc2 Bd6 9. Be2 dxc4 10. Bxc4 b5 11. Bd3 Bb7 12. O-O Rc8 13. Qb1 a6 14. b4
Qe7 15. a3 e5 16. h3 Rfe8 17. Ng5 h6 18. Nge4 Bb8 19. Rfe1 Rcd8 20. Rcd1
Nxe4 21. Nxe4 Nf6 22. Nxf6+ Qxf6 23. Bc3 exd4 24. Bxd4 Be5 25. Bh7+ Kh8 26.
Bxe5 Qxe5 27. Rxd8 Rxd8 28. Be4 1/2-1/2

[Event "World Blitz 2023"]
[Site "Samarkand UZB"]
[Date "2023.12.30"]
[Round "13.15"]
[White "Tsydypov, Zhamsaran"]
[Black "Andreikin, Dmitry"]
[Result "1/2-1/2"]
[WhiteElo "2626"]
[BlackElo "2741"]
[EventDate "2023.12.29"]

1. e4 e5 2. Nf3 Nf6 3. Nxe5 d6 4. Nf3 Nxe4 5. Nc3 Nxc3 6. dxc3 Be7 7. Be3
Nd7 8. Bd3 Nf6 9. Qe2 O-O 10. O-O-O c5 11. Kb1 Qa5 12. Bxc5 dxc5 13. Qxe7
Be6 14. c4 Rfe8 15. Qd6 Rad8 16. Qf4 b5 17. Ne5 Rd4 18. Qf3 bxc4 19. Nc6
Qb6 20. Nxd4 cxd4 21. Bf5 c3 22. b3 Qb4 23. Qf4 Bxf5 24. Rxd4 Qa3 25. Qc1
Qa5 26. Ra4 Qc5 27. Rc4 Qxf2 28. Rxc3 Ne4 29. Rc7 Qxg2 30. Rxa7 Rc8 31. Ka1
h6 32. Rg1 Qxh2 33. c4 Rd8 34. Ra5 Bg6 35. Rd1 Rxd1 36. Qxd1 Qf2 37. Qc1 h5
38. Rd5 h4 39. Rd3 1/2-1/2

[Event "World Blitz 2023"]
[Site "Samarkand UZB"]
[Date "2023.12.30"]
[Round "13.16"]
[White "Aronian, Levon"]
[Black "Jobava, Baadur"]
[Result "1-0"]
[WhiteElo "2772"]
[BlackElo "2599"]
[EventDate "2023.12.29"]

1. d4 d5 2. c4 dxc4 3. Nf3 Nf6 4. e3 Bg4 5. Bxc4 e6 6. Nc3 Nc6 7. h3 Bh5 8.
O-O Bd6 9. Be2 O-O 10. b3 Ne7 11. Bb2 Ned5 12. Rc1 c6 13. Na4 Ne4 14. Ne5
Bxe2 15. Qxe2 f6 16. Nd3 Qe7 17. Nac5 f5 18. Nxe4 fxe4 19. Nc5 Bxc5 20.
dxc5 Qg5 21. Rc4 Nf6 22. Qc2 Rad8 23. Bxf6 Rxf6 24. Qxe4 Rd2 25. Rb4 Qxc5
26. Rxb7 Rxa2 27. Rb8+ Kf7 28. Qxh7 Rh6 1-0

[Event "World Blitz 2023"]
[Site "Samarkand UZB"]
[Date "2023.12.30"]
[Round "13.17"]
[White "Rapport, Richard"]
[Black "Aravindh, Chithambaram Vr."]
[Result "1-0"]
[WhiteElo "2748"]
[BlackElo "2584"]
[EventDate "2023.12.29"]

1. e4 Nf6 2. Nc3 d5 3. e5 d4 4. Nce2 Ng4 5. f4 Nc6 6. Nf3 d3 7. Nc3 Nb4 8.
cxd3 Nxd3+ 9. Bxd3 Qxd3 10. h3 Nh6 11. g4 f6 12. Qe2 Qxe2+ 13. Kxe2 c6 14.
d4 Nf7 15. Be3 h5 16. g5 fxg5 17. fxg5 h4 18. d5 Bf5 19. Nd4 Bg6 20. dxc6
bxc6 21. Nxc6 e6 22. Nb5 Kd7 23. Ncxa7 Bh5+ 24. Kf2 Nxe5 25. Rhd1+ Bxd1 26.
Rxd1+ Ke7 27. a4 Kf7 28. a5 Nc4 29. Rd7+ Kg6 30. a6 Nxe3 31. Kxe3 Bc5+ 32.
Ke4 Rhb8 33. Kd3 Bxa7 34. Rxa7 Rxa7 35. Nxa7 Rb6 36. b4 Rxa6 37. Nb5 Rb6
38. Kc4 Rc6+ 39. Kd4 Kxg5 40. Na3 Kf4 41. b5 e5+ 42. Kd5 Rc3 43. Nc4 Rxh3
44. Nxe5 Rb3 45. Kc4 Rb1 46. Nd3+ Kg3 47. Nb4 h3 48. b6 h2 49. b7 h1=Q 1-0

[Event "World Blitz 2023"]
[Site "Samarkand UZB"]
[Date "2023.12.30"]
[Round "13.18"]
[White "Korobov, Anton"]
[Black "Giri, Anish"]
[Result "1/2-1/2"]
[WhiteElo "2649"]
[BlackElo "2731"]
[EventDate "2023.12.29"]

1. c4 Nf6 2. Nc3 e5 3. Nf3 Nc6 4. e3 Bb4 5. Qc2 Bxc3 6. Qxc3 Qe7 7. d4 e4
8. Nd2 d5 9. b3 a5 10. Be2 h5 11. h3 h4 12. cxd5 Nxd5 13. Qc5 Qxc5 14. dxc5
Ncb4 15. Kf1 Nc2 16. Rb1 Nc3 17. Rb2 Nb4 18. a3 Nxe2 19. Kxe2 Nd3 20. Rc2
f5 21. f3 Be6 22. fxe4 fxe4 23. Bb2 O-O-O 24. Bd4 Bd5 25. Rf1 Rhf8 26. Nc4
Rxf1 27. Kxf1 Rf8+ 28. Kg1 a4 29. bxa4 g5 30. a5 Kd7 31. Ne5+ Ke6 32. Ng4
Ra8 33. Bc3 Kd7 34. Ne5+ Ke6 35. Ng4 Kd7 36. Ne5+ Nxe5 37. Bxe5 Rxa5 38.
Rc3 Kc6 39. Bf6 g4 40. hxg4 Rxc5 41. Rxc5+ Kxc5 1/2-1/2

[Event "World Blitz 2023"]
[Site "Samarkand UZB"]
[Date "2023.12.30"]
[Round "13.19"]
[White "Terry, Renato"]
[Black "Sadhwani, Raunak"]
[Result "1/2-1/2"]
[WhiteElo "2578"]
[BlackElo "2668"]
[EventDate "2023.12.29"]

1. Nf3 d5 2. b3 Nf6 3. Bb2 Bf5 4. e3 h6 5. d4 e6 6. Bd3 Nbd7 7. O-O Bd6 8.
Ne5 O-O 9. Nd2 Bxd3 10. cxd3 a5 11. a3 c5 12. Nxd7 Nxd7 13. Nf3 b6 14. Rc1
Qe7 15. a4 Rac8 16. Rc2 Nf6 17. Qa1 Rc7 18. Rfc1 Rfc8 19. h3 Qd8 20. Qb1
Be7 21. Qa1 Qe8 22. Ne5 Bd6 23. Nf3 Qd8 24. Qb1 Bf8 25. Qa1 Nd7 26. Qb1 Nb8
27. dxc5 bxc5 28. d4 Na6 29. dxc5 Nxc5 30. Bd4 f6 31. Bxc5 Bxc5 32. Rc3 Bd6
33. Rxc7 Rxc7 34. Nd4 Kf7 35. Nb5 Rxc1+ 36. Qxc1 Qd7 37. Qc2 Bb4 38. Nd4 e5
39. Nf3 Kg8 40. Nh4 d4 41. exd4 exd4 42. Qc4+ Kh7 43. Qd3+ Kg8 44. Nf5 Bc3
45. Qc4+ Kh7 46. Qd3 Kg8 47. Qe4 Kf7 48. Qg4 Kf8 49. Qe4 d3 50. Ne3 d2 51.
Nd1 Bb4 52. Kf1 Qc8 53. Ke2 Qa6+ 54. Qc4 Qxc4+ 55. bxc4 Ke7 56. Nb2 Kd6 57.
Nd3 Bc3 58. Kd1 g5 59. g4 Ke6 60. Kc2 f5 61. f3 f4 62. Kd1 Kd6 63. Ke2 Kc6
64. Kd1 Kd6 65. Kc2 Kc6 66. Kd1 Kd6 67. Ke2 Kc6 68. Kd1 Kd6 69. Kc2 Kc6 70.
Nf2 d1=Q+ 71. Nxd1 Bd4 72. Kd3 Kc5 73. Nc3 Bg7 74. Ne4+ Kb4 75. c5 Bh8 76.
c6 Be5 77. Nd2 Kc5 78. Nb3+ Kb4 79. Nd2 Kc5 80. Nc4 Bc7 81. Nd2 Kxc6 82.
Kc4 Kd6 83. Ne4+ Ke5 84. Nc3 Bb6 85. Nb5 Bd8 86. Nd4 Bb6 87. Nb3 Kd6 88.
Kb5 Bc7 89. Nxa5 Ke5 90. Nb3 Kd5 91. a5 Bxa5 92. Kxa5 Kc4 93. Ka4 Kd3 94.
Kb4 Ke3 95. Kc3 Kxf3 96. Kd3 Kg2 97. Ke4 f3 98. Nd2 f2 99. Ke3 f1=Q 100.
Nxf1 Kxf1 101. Kf3 Kg1 102. Kg3 Kh1 103. h4 gxh4+ 104. Kxh4 Kg2 105. Kh5
Kg3 106. Kxh6 Kxg4 1/2-1/2

[Event "World Blitz 2023"]
[Site "Samarkand UZB"]
[Date "2023.12.30"]
[Round "13.20"]
[White "Salem, A.R. Saleh"]
[Black "Vokhidov, Shamsiddin"]
[Result "1-0"]
[WhiteElo "2668"]
[BlackElo "2588"]
[EventDate "2023.12.29"]

1. d4 Nf6 2. c4 e6 3. Nc3 Bb4 4. e3 O-O 5. Bd3 Re8 6. Nf3 d6 7. O-O Bxc3 8.
bxc3 e5 9. Nd2 e4 10. Bc2 Qe7 11. f3 exf3 12. Nxf3 Ne4 13. Qe1 Nd7 14. c5
dxc5 15. c4 Nd6 16. Qc3 b6 17. Bd3 Bb7 18. d5 c6 19. Bb2 f6 20. e4 Nxe4 21.
Bxe4 Qxe4 22. Rae1 Qg6 23. Nh4 Qh5 24. Nf5 Rxe1 25. Qxe1 cxd5 26. Qg3 Qg5
27. Qc7 Rb8 28. h4 Qd2 29. Qxd7 1-0

[Event "World Blitz 2023"]
[Site "Samarkand UZB"]
[Date "2023.12.30"]
[Round "13.21"]
[White "Praggnanandhaa, R"]
[Black "Bai, Jinshi"]
[Result "1-0"]
[WhiteElo "2665"]
[BlackElo "2516"]
[EventDate "2023.12.29"]

1. Nf3 c5 2. e4 e6 3. g3 d5 4. exd5 exd5 5. Bg2 Qe7+ 6. Qe2 Nc6 7. Qxe7+
Bxe7 8. O-O Nf6 9. d3 O-O 10. Nc3 h6 11. Bf4 Be6 12. Rfe1 Rad8 13. Nb5 a6
14. Nc7 Bc8 15. Ne5 Bd6 16. Nxc6 bxc6 17. Bxd6 Rxd6 18. Na8 Nd7 19. Bh3 Ne5
20. Rxe5 Bxh3 21. Nb6 Rb8 22. Na4 c4 23. f3 Rb4 24. b3 f6 25. Re8+ Kf7 26.
Rae1 cxd3 27. cxd3 Bf5 28. Nc5 Rb5 29. d4 Rb4 30. g4 Bc2 31. R8e2 Bg6 32.
Re7+ Kg8 33. Rd1 a5 34. Ra7 Rd8 35. Ne6 Re8 36. Rxg7+ Kh8 37. Rxg6 Rxe6 38.
Rxh6+ Kg7 39. g5 a4 40. Rd3 Re1+ 41. Kf2 Ra1 42. bxa4 Rxa2+ 43. Kg3 fxg5
44. Rxc6 Raxa4 45. Re3 Rxd4 46. Re7+ Kf8 47. Rh7 Kg8 48. Rd7 Ra8 49. Rg6+
Kh8 50. Rxg5 Rg8 51. h4 Rd1 52. Kg4 Rg1+ 53. Kh5 Rf8 54. Rxg1 1-0

[Event "World Blitz 2023"]
[Site "Samarkand UZB"]
[Date "2023.12.30"]
[Round "13.22"]
[White "Van Foreest, Jorden"]
[Black "Nesterov, Arseniy"]
[Result "0-1"]
[WhiteElo "2664"]
[BlackElo "2488"]
[EventDate "2023.12.29"]

1. d4 d5 2. c4 e6 3. Nf3 Nf6 4. g3 Be7 5. Bg2 O-O 6. O-O dxc4 7. h4 Nc6 8.
Na3 Bxa3 9. bxa3 Rb8 10. Bb2 b5 11. Qc2 h6 12. e4 Bb7 13. Rfe1 Ne7 14. Rad1
Bxe4 15. Rxe4 Nxe4 16. Qxe4 Nd5 17. Qc2 Rb6 18. a4 c3 19. Bc1 b4 20. Ne5
Rd6 21. a5 Ne7 22. a3 c5 23. axb4 cxb4 24. Re1 Rxd4 25. Be3 Rd5 26. Bxd5
Qxd5 27. Bxa7 Rc8 28. Bb6 b3 29. Qd3 c2 30. Qxd5 Nxd5 31. Nd3 Rc3 32. Nb2
c1=Q 33. Rxc1 Rxc1+ 34. Kg2 Rc2 35. Bd4 Rc6 36. Kf3 f6 37. Ke4 Kf7 38. f4
Nc3+ 39. Kd3 Nb5 40. Bb6 Rc3+ 41. Kd2 Rc2+ 42. Kd3 Rxb2 43. Kc4 Rg2 0-1

[Event "World Blitz 2023"]
[Site "Samarkand UZB"]
[Date "2023.12.30"]
[Round "13.23"]
[White "Vakhidov, Jakhongir"]
[Black "Grischuk, Alexander"]
[Result "1-0"]
[WhiteElo "2574"]
[BlackElo "2699"]
[EventDate "2023.12.29"]

1. c4 e6 2. Nc3 d5 3. d4 c6 4. e4 dxe4 5. Nxe4 Bb4+ 6. Bd2 Qxd4 7. Bxb4
Qxe4+ 8. Be2 Na6 9. Bd6 e5 10. Nf3 f6 11. O-O Nh6 12. Re1 Nf7 13. Ba3 Be6
14. Bd3 Qf4 15. Re4 Qh6 16. Rh4 Qxh4 17. Nxh4 O-O-O 18. Qe2 Rd7 19. Bf5
Bxf5 20. Nxf5 g6 21. Ne3 Rhd8 22. h3 f5 23. Rd1 Rxd1+ 24. Nxd1 Nc7 25. Ne3
Ne6 26. Qc2 e4 27. g3 Ne5 28. Qa4 f4 29. gxf4 Nf3+ 30. Kg2 Nxf4+ 31. Kg3
Ne2+ 32. Kg2 Ne1+ 33. Kf1 1-0

[Event "World Blitz 2023"]
[Site "Samarkand UZB"]
[Date "2023.12.30"]
[Round "13.24"]
[White "Abdusattorov, Nodirbek"]
[Black "Pantsulaia, Levan"]
[Result "1-0"]
[WhiteElo "2694"]
[BlackElo "2579"]
[EventDate "2023.12.29"]

1. e4 c6 2. Nf3 d5 3. d3 Bg4 4. h3 Bxf3 5. Qxf3 e6 6. g3 Nd7 7. Bg2 Bc5 8.
O-O Ne7 9. Qe2 O-O 10. Nd2 f5 11. c3 Bb6 12. exf5 exf5 13. Nf3 Ng6 14. d4
h6 15. h4 Qf6 16. h5 Rae8 17. Qd3 Ne7 18. Bf4 Qf7 19. Rfe1 Nf6 20. Re2 Qxh5
21. Rae1 Ng6 22. Rxe8 Rxe8 23. Rxe8+ Nxe8 24. Qe3 Nxf4 25. Qxf4 Bc7 26. Qe3
Qf7 27. Bh3 Kh7 28. Ne5 Bxe5 29. dxe5 a6 30. e6 Qf6 31. g4 f4 32. Qe1 Kg8
33. Bf1 Kf8 34. c4 Ke7 35. Qb4+ Nd6 36. c5 Nb5 37. a4 Qd4 38. Qb3 Qxc5 39.
axb5 axb5 40. Qd3 Kxe6 41. Qg6+ Kd7 42. Qxg7+ Qe7 43. Qxh6 Qe5 44. g5 f3
45. g6 Ke7 46. Qh7+ Ke6 47. g7 Qg5+ 48. Kh1 1-0